000 00358pam a2200157a 44500
008 230515b1990 xxu||||| |||| 00| 0 eng d
020 _aNULL
041 _aENGLISH
082 _a630
100 _a800-1984
245 _aCODE OF PRACTICE FOR GENERAL CONSTRUCTION IN STEEL
250 _a0
260 _aDELHI
_bISI
_c1990
300 _a15
650 _aNULL
999 _c652312
_d652312